[Event "Summer Prague Open 2022 - A"]
[Site "Olympik hotel, Sokolovska 138, Praha"]
[Date "2022.08.05"]
[Round "1"]
[Board "9"]
[White "Reprun, Nadejda"]
[Black "Kambrath, Yannick"]
[Result "0-1"]
[WhiteElo "1971"]
[BlackElo "2401"]
[PlyCount "0"]
[EventDate "2022.08.05"]
[EventRounds "9"]
[EventCountry "CZE"]

1. e4 {[%clk 1:30:59]} c5 {[%clk 1:30:42]} 2. Nf3 {[%clk 1:31:25]} e6
{[%clk 1:30:48]} 3. d4 {[%clk 1:31:51]} cxd4 {[%clk 1:31:13]} 4. Nxd4
{[%clk 1:32:17]} Nc6 {[%clk 1:31:17]} 5. Nb5 {[%clk 1:32:39]} d6 {[%clk 1:31:00]}
6. c4 {[%clk 1:33:03]} Nf6 {[%clk 1:30:43]} 7. N5c3 {[%clk 1:33:20]} b6
{[%clk 1:25:17]} 8. Be2 {[%clk 1:29:31]} Bb7 {[%clk 1:25:26]} 9. Be3
{[%clk 1:29:20]} Rc8 {[%clk 1:25:23]} 10. Nd2 {[%clk 1:29:29]} Be7
{[%clk 1:21:28]} 11. O-O {[%clk 1:29:44]} O-O {[%clk 1:21:19]} 12. Rc1
{[%clk 1:28:31]} Re8 {[%clk 1:20:26]} 13. a3 {[%clk 1:24:22]} Rc7
{[%clk 1:06:31]} 14. b4 {[%clk 1:20:49]} Rd7 {[%clk 1:00:42]} 15. Qa4
{[%clk 1:17:25]} Qa8 {[%clk 0:54:55]} 16. Rfd1 {[%clk 1:07:28]} Bf8
{[%clk 0:52:54]} 17. Nf1 {[%clk 1:02:53]} Rdd8 {[%clk 0:46:03]} 18. f3
{[%clk 0:55:57]} Qb8 {[%clk 0:44:14]} 19. Nb5 {[%clk 0:54:18]} d5
{[%clk 0:30:07]} 20. c5 {[%clk 0:44:34]} bxc5 {[%clk 0:22:18]} 21. bxc5
{[%clk 0:43:40]} dxe4 {[%clk 0:21:34]} 22. fxe4 {[%clk 0:43:17]} Qe5
{[%clk 0:13:51]} 23. Ng3 {[%clk 0:32:29]} Nd5 {[%clk 0:10:03]} 24. exd5
{[%clk 0:25:06]} Qxe3+ {[%clk 0:10:17]} 25. Kh1 {[%clk 0:25:30]} Rxd5
{[%clk 0:07:14]} 26. Nd6 {[%clk 0:24:19]} Bxd6 {[%clk 0:07:03]} 27. cxd6
{[%clk 0:24:47]} Rd8 {[%clk 0:04:54]} 28. Rb1 {[%clk 0:24:10]} Ba8
{[%clk 0:04:03]} 29. Bf3 {[%clk 0:20:00]} Rxd1+ {[%clk 0:04:12]} 30. Rxd1
{[%clk 0:19:36]} Rxd6 {[%clk 0:01:40]} 31. Rb1 {[%clk 0:16:16]} h6
{[%clk 0:01:27]} 32. h3 {[%clk 0:14:21]} Qe5 {[%clk 0:01:44]} 33. Ne2
{[%clk 0:11:47]} Rd8 {[%clk 0:01:49]} 34. Bxc6 {[%clk 0:11:31]} Bxc6
{[%clk 0:01:43]} 35. Qxc6 {[%clk 0:11:47]} Qxe2 {[%clk 0:02:01]} 36. Qc7
{[%clk 0:08:59]} Rd1+ {[%clk 0:01:52]} 37. Rxd1 {[%clk 0:09:20]} Qxd1+
{[%clk 0:02:18]} 38. Kh2 {[%clk 0:09:34]} Qd4 {[%clk 0:02:26]} 39. Qe7
{[%clk 0:09:07]} Qf2 {[%clk 0:02:29]} 40. Qd6 {[%clk 0:08:48]} Kh7
{[%clk 0:02:03]} 41. a4 {[%clk 0:08:49]} Qe3 {[%clk 0:01:09]} 42. a5
{[%clk 0:08:45]} f6 {[%clk 0:01:20]} 43. Qd8 {[%clk 0:07:30]} Qf4+
{[%clk 0:01:23]} 44. Kh1 {[%clk 0:07:51]} e5 {[%clk 0:25:16]} 45. Qd7
{[%clk 0:35:32]} Qf2 {[%clk 0:24:56]} 46. Kh2 {[%clk 0:34:50]} e4
{[%clk 0:24:03]}  0-1

[Event "Summer Prague Open 2022 - A"]
[Site "Olympik hotel, Sokolovska 138, Praha"]
[Date "2022.08.05"]
[Round "1"]
[Board "10"]
[White "Weishaeutel, Moritz"]
[Black "Gorainow, Nikita"]
[Result "1-0"]
[WhiteElo "2396"]
[BlackElo "1970"]
[PlyCount "0"]
[EventDate "2022.08.05"]
[EventRounds "9"]
[EventCountry "CZE"]

1. d4 {[%clk 1:30:56]} Nf6 {[%clk 1:30:51]} 2. Bg5 {[%clk 1:31:18]} g6
{[%clk 1:29:40]} 3. Nc3 {[%clk 1:30:25]} d5 {[%clk 1:29:23]} 4. Qd2
{[%clk 1:30:44]} Bg7 {[%clk 1:25:49]} 5. Bh6 {[%clk 1:30:32]} Bxh6
{[%clk 1:13:55]} 6. Qxh6 {[%clk 1:30:54]} c5 {[%clk 0:55:10]} 7. dxc5
{[%clk 1:27:33]} Nc6 {[%clk 0:50:42]} 8. O-O-O {[%clk 1:25:18]} Bf5
{[%clk 0:38:28]} 9. f3 {[%clk 1:18:39]} Qa5 {[%clk 0:24:16]} 10. e4
{[%clk 1:04:58]} d4 {[%clk 0:20:04]} 11. Nb5 {[%clk 1:01:19]} a6 {[%clk 0:14:11]}
12. Nxd4 {[%clk 0:53:29]} Nxd4 {[%clk 0:14:08]} 13. Rxd4 {[%clk 0:53:50]} Qxa2
{[%clk 0:12:43]} 14. Ne2 {[%clk 0:48:14]} Be6 {[%clk 0:10:41]} 15. b4
{[%clk 0:44:53]} a5 {[%clk 0:02:37]} 16. Nc3 {[%clk 0:40:58]} Qa3+
{[%clk 0:03:03]} 17. Kd2 {[%clk 0:41:23]} axb4 {[%clk 0:01:48]} 18. Bb5+
{[%clk 0:38:53]} Bd7 {[%clk 0:01:28]} 19. Bxd7+ {[%clk 0:36:00]} Nxd7
{[%clk 0:01:51]} 20. Nd5 {[%clk 0:36:25]} Qa5 {[%clk 0:00:37]} 21. Qg7
{[%clk 0:31:48]} O-O-O {[%clk 0:00:42]} 22. Nxe7+ {[%clk 0:19:23]} Kb8
{[%clk 0:01:08]} 23. Ke3 {[%clk 0:19:45]} Qxc5 {[%clk 0:01:00]} 24. Nd5
{[%clk 0:19:57]} b5 {[%clk 0:00:31]} 25. Rhd1 {[%clk 0:18:50]} f5
{[%clk 0:00:33]} 26. Nxb4 {[%clk 0:16:20]} Qb6 {[%clk 0:01:02]} 27. Ke2
{[%clk 0:16:05]} Nf6 {[%clk 0:00:46]} 28. Rxd8+ {[%clk 0:16:19]}  1-0

[Event "Summer Prague Open 2022 - A"]
[Site "Olympik hotel, Sokolovska 138, Praha"]
[Date "2022.08.05"]
[Round "1"]
[Board "11"]
[White "Werner, Hong Quan Dan"]
[Black "Zamengo, Fulvio"]
[Result "0-1"]
[WhiteElo "1965"]
[BlackElo "2396"]
[PlyCount "0"]
[EventDate "2022.08.05"]
[EventRounds "9"]
[EventCountry "CZE"]

1. e4 {[%clk 1:30:53]} g6 {[%clk 1:30:11]} 2. d4 {[%clk 1:30:02]} c6
{[%clk 1:30:34]} 3. Nc3 {[%clk 1:29:52]} d5 {[%clk 1:30:55]} 4. exd5
{[%clk 1:28:35]} cxd5 {[%clk 1:31:15]} 5. Bf4 {[%clk 1:27:55]} Bg7
{[%clk 1:29:49]} 6. Bb5+ {[%clk 1:21:05]} Nc6 {[%clk 1:25:28]} 7. Nf3
{[%clk 1:17:50]} Bg4 {[%clk 1:23:03]} 8. Bxc6+ {[%clk 1:11:49]} bxc6
{[%clk 1:23:25]} 9. Qd2 {[%clk 0:55:46]} Bxf3 {[%clk 1:11:48]} 10. gxf3
{[%clk 0:56:10]} e6 {[%clk 1:12:09]} 11. O-O-O {[%clk 0:51:20]} Ne7
{[%clk 1:12:09]} 12. Bg5 {[%clk 0:49:31]} Qc7 {[%clk 1:10:19]} 13. Bxe7
{[%clk 0:48:59]} Qxe7 {[%clk 1:10:41]} 14. Na4 {[%clk 0:47:49]} Rb8
{[%clk 1:09:23]} 15. Nc5 {[%clk 0:42:25]} Qxc5 {[%clk 1:08:47]} 16. dxc5
{[%clk 0:42:06]} Bxb2+ {[%clk 1:09:09]} 17. Kb1 {[%clk 0:42:32]} Bc3+
{[%clk 1:09:31]} 18. Kc1 {[%clk 0:42:57]} Bxd2+ {[%clk 1:09:50]} 19. Kxd2
{[%clk 0:43:20]} Kd7 {[%clk 1:08:56]} 20. Rb1 {[%clk 0:43:17]} a5
{[%clk 0:57:56]} 21. f4 {[%clk 0:42:26]} Kc7 {[%clk 0:56:22]} 22. Kc3
{[%clk 0:35:49]} Rxb1 {[%clk 0:53:51]} 23. Rxb1 {[%clk 0:36:13]} Rb8
{[%clk 0:54:15]} 24. Rxb8 {[%clk 0:26:36]} Kxb8 {[%clk 0:54:37]} 25. Kd4
{[%clk 0:26:06]} f6 {[%clk 0:55:00]} 26. h4 {[%clk 0:26:08]} Kb7 {[%clk 0:53:23]}
27. Ke3 {[%clk 0:23:35]} a4 {[%clk 0:52:44]} 28. Kf3 {[%clk 0:20:28]} Ka6
{[%clk 0:52:46]} 29. Ke3 {[%clk 0:17:41]} Kb5 {[%clk 0:52:38]} 30. Kd4
{[%clk 0:17:50]} Kb4  0-1

[Event "Summer Prague Open 2022 - A"]
[Site "Olympik hotel, Sokolovska 138, Praha"]
[Date "2022.08.05"]
[Round "1"]
[Board "12"]
[White "Neuman, Petr"]
[Black "Lye, Sverre"]
[Result "1-0"]
[WhiteElo "2393"]
[BlackElo "1963"]
[PlyCount "0"]
[EventDate "2022.08.05"]
[EventRounds "9"]
[EventCountry "CZE"]

1. e4 {[%clk 1:30:56]} c5 {[%clk 1:30:53]} 2. Nc3 {[%clk 1:31:19]} Nc6
{[%clk 1:31:13]} 3. Bb5 {[%clk 1:31:44]} Nd4 {[%clk 1:31:25]} 4. Bc4
{[%clk 1:32:09]} Nf6 {[%clk 1:31:10]} 5. Nf3 {[%clk 1:31:26]} e6 {[%clk 1:29:26]}
6. O-O {[%clk 1:31:41]} a6 {[%clk 1:28:04]} 7. d3 {[%clk 1:30:59]} Nc6
{[%clk 1:16:21]} 8. Bg5 {[%clk 1:24:48]} d6 {[%clk 1:12:03]} 9. a3
{[%clk 1:16:51]} Be7 {[%clk 1:10:04]} 10. Ba2 {[%clk 1:17:13]} h6
{[%clk 1:07:46]} 11. Bh4 {[%clk 1:16:26]} O-O {[%clk 1:06:55]} 12. Qe1
{[%clk 1:13:16]} b5 {[%clk 1:04:52]} 13. Nd2 {[%clk 1:11:26]} Nd4
{[%clk 0:55:43]} 14. Rc1 {[%clk 1:11:20]} Bb7 {[%clk 0:54:01]} 15. Ne2
{[%clk 1:08:56]} Nxe2+ {[%clk 0:48:57]} 16. Qxe2 {[%clk 1:09:11]} d5
{[%clk 0:46:08]} 17. e5 {[%clk 1:09:24]} Nd7 {[%clk 0:46:17]} 18. Bxe7
{[%clk 1:09:21]} Qxe7 {[%clk 0:46:39]} 19. f4 {[%clk 1:07:23]} f6
{[%clk 0:42:53]} 20. d4 {[%clk 1:06:38]} f5 {[%clk 0:38:47]} 21. c3
{[%clk 1:04:24]} a5 {[%clk 0:37:13]} 22. Qe3 {[%clk 0:48:40]} c4 {[%clk 0:36:09]}
23. Kh1 {[%clk 0:47:57]} b4 {[%clk 0:35:06]} 24. axb4 {[%clk 0:45:45]} axb4
{[%clk 0:35:14]} 25. Bb1 {[%clk 0:46:12]} Nb6 {[%clk 0:31:29]} 26. g4
{[%clk 0:45:40]} g6 {[%clk 0:28:20]} 27. Rg1 {[%clk 0:44:50]} Kf7
{[%clk 0:27:47]} 28. Qh3 {[%clk 0:43:56]} Rh8 {[%clk 0:27:12]} 29. gxf5
{[%clk 0:43:40]} exf5 {[%clk 0:27:10]} 30. Rxg6 {[%clk 0:43:30]} Kxg6
{[%clk 0:26:12]} 31. Qxf5+ {[%clk 0:43:52]} Kg7 {[%clk 0:26:37]} 32. Rg1+
{[%clk 0:44:15]} Qg5 33. fxg5 {[%clk 0:44:29]}  1-0

[Event "Summer Prague Open 2022 - A"]
[Site "Olympik hotel, Sokolovska 138, Praha"]
[Date "2022.08.05"]
[Round "1"]
[Board "13"]
[White "Zemlicka, Vit"]
[Black "Hollan, Martin"]
[Result "0-1"]
[WhiteElo "1961"]
[BlackElo "2381"]
[PlyCount "0"]
[EventDate "2022.08.05"]
[EventRounds "9"]
[EventCountry "CZE"]

1. e4 {[%clk 1:30:58]} c5 {[%clk 1:28:20]} 2. Nf3 {[%clk 1:31:16]} Nc6
{[%clk 1:28:35]} 3. d4 {[%clk 1:31:32]} cxd4 {[%clk 1:28:58]} 4. Nxd4
{[%clk 1:31:54]} g6 {[%clk 1:29:11]} 5. Nc3 {[%clk 1:31:49]} Bg7 {[%clk 1:29:32]}
6. Be3 {[%clk 1:32:12]} Nf6 {[%clk 1:29:48]} 7. Bc4 {[%clk 1:32:22]} O-O
{[%clk 1:27:25]} 8. Bb3 {[%clk 1:32:23]} Re8 {[%clk 1:27:40]} 9. O-O
{[%clk 1:19:20]} d6 {[%clk 1:28:04]} 10. h3 {[%clk 1:18:38]} Na5 {[%clk 1:28:26]}
11. Qd3 {[%clk 1:09:50]} Nxb3 {[%clk 1:26:05]} 12. axb3 {[%clk 1:10:04]} b6
{[%clk 1:14:14]} 13. Nd5 {[%clk 0:47:21]} Bb7 {[%clk 1:12:25]} 14. Nxf6+
{[%clk 0:41:27]} exf6 {[%clk 1:03:28]} 15. f3 {[%clk 0:37:23]} d5
{[%clk 0:57:01]} 16. exd5 {[%clk 0:36:54]} Qxd5 {[%clk 0:57:18]} 17. Bf2
{[%clk 0:33:03]} a6 {[%clk 0:52:21]} 18. c3 {[%clk 0:26:22]} Re5 {[%clk 0:42:24]}
19. Qc4 {[%clk 0:17:28]} Qd7 {[%clk 0:39:52]} 20. Rfd1 {[%clk 0:10:02]} Rae8
{[%clk 0:16:18]} 21. Ne2 {[%clk 0:05:59]} Qe7 {[%clk 0:11:47]} 22. Ng3
{[%clk 0:06:18]} b5 {[%clk 0:11:37]} 23. Qd3 {[%clk 0:05:50]} f5 {[%clk 0:06:27]}
24. Qd7 {[%clk 0:04:29]} f4 {[%clk 0:03:51]} 25. Qxe7 {[%clk 0:04:54]} R5xe7
{[%clk 0:04:13]} 26. Nf1 {[%clk 0:05:06]} Re2 {[%clk 0:03:04]} 27. Re1
{[%clk 0:04:02]} Rxe1 {[%clk 0:01:18]} 28. Rxe1 {[%clk 0:04:29]} Rxe1
{[%clk 0:01:18]} 29. Bxe1 {[%clk 0:04:58]} g5 {[%clk 0:01:14]} 30. b4
{[%clk 0:04:21]} Bd5 {[%clk 0:00:59]} 31. Nd2 {[%clk 0:04:09]} f5
{[%clk 0:01:19]} 32. Bf2 {[%clk 0:01:43]} Kf7 {[%clk 0:01:34]} 33. Kf1
{[%clk 0:02:08]} Ke6 {[%clk 0:01:22]} 34. Ke2 {[%clk 0:02:28]} g4
{[%clk 0:00:46]} 35. Kd3 {[%clk 0:00:55]} h5 {[%clk 0:00:59]} 36. Bd4
{[%clk 0:00:41]} Bf8 {[%clk 0:00:41]} 37. b3 {[%clk 0:00:37]} Be7
{[%clk 0:00:34]} 38. Bc5 {[%clk 0:00:32]} Bh4 {[%clk 0:00:33]} 39. c4
{[%clk 0:00:38]} Bc6 {[%clk 0:00:59]} 40. Bf8 {[%clk 0:00:34]} Be1
{[%clk 0:00:37]} 41. Ke2 {[%clk 0:21:10]} Bxd2 {[%clk 0:21:40]} 42. Kxd2
{[%clk 0:21:18]} Bxf3 {[%clk 0:19:22]} 43. Bh6 {[%clk 0:14:56]} Bxg2
{[%clk 0:15:26]} 44. Bxf4 {[%clk 0:09:14]} Bxh3 {[%clk 0:12:57]} 45. Ke3
{[%clk 0:07:52]} Bf1 {[%clk 0:04:23]} 46. c5 {[%clk 0:05:21]} Bg2
{[%clk 0:02:40]} 47. Bg3 {[%clk 0:00:40]} Bd5 {[%clk 0:02:47]} 48. Kf4
{[%clk 0:00:38]} Bxb3 {[%clk 0:02:38]} 49. Kg5 {[%clk 0:00:41]} a5
{[%clk 0:01:31]} 50. bxa5 {[%clk 0:00:45]} Bd5 {[%clk 0:01:58]} 51. Kxh5
{[%clk 0:00:35]} b4 {[%clk 0:02:20]} 52. Be1 {[%clk 0:00:31]} b3 {[%clk 0:02:41]}
 0-1

[Event "Summer Prague Open 2022 - A"]
[Site "Olympik hotel, Sokolovska 138, Praha"]
[Date "2022.08.05"]
[Round "1"]
[Board "14"]
[White "Meissner, Felix"]
[Black "Ihlen, Sivert"]
[Result "1-0"]
[WhiteElo "2381"]
[BlackElo "1960"]
[PlyCount "0"]
[EventDate "2022.08.05"]
[EventRounds "9"]
[EventCountry "CZE"]

1. e4 {[%clk 1:30:56]} e5 {[%clk 1:30:52]} 2. d4 {[%clk 1:31:05]} exd4
{[%clk 1:29:57]} 3. Nf3 {[%clk 1:31:29]} d5 {[%clk 1:27:00]} 4. Qxd4
{[%clk 1:26:40]} Nc6 {[%clk 1:18:10]} 5. Bb5 {[%clk 1:17:26]} dxe4
{[%clk 1:15:34]} 6. Bxc6+ {[%clk 1:08:29]} bxc6 {[%clk 1:15:54]} 7. Qxe4+
{[%clk 1:07:30]} Qe7 {[%clk 1:12:31]} 8. Ne5 {[%clk 1:02:36]} Qb4+
{[%clk 1:08:20]} 9. Qxb4 {[%clk 0:59:57]} Bxb4+ {[%clk 1:08:42]} 10. Bd2
{[%clk 0:59:15]} Bd6 {[%clk 1:03:05]} 11. Bc3 {[%clk 0:57:53]} Ne7
{[%clk 1:01:39]} 12. O-O {[%clk 0:49:29]} f6 {[%clk 0:58:34]} 13. Nc4
{[%clk 0:45:20]} Ba6 {[%clk 0:52:33]} 14. Nbd2 {[%clk 0:41:38]} Nd5
{[%clk 0:49:57]} 15. Rfe1+ {[%clk 0:41:21]} Kd7 {[%clk 0:47:16]} 16. Ba5
{[%clk 0:36:42]} Rhe8 {[%clk 0:43:39]} 17. g3 {[%clk 0:33:09]} Nb6
{[%clk 0:35:37]} 18. Ne3 {[%clk 0:29:51]} Nd5 {[%clk 0:35:16]} 19. Nf5
{[%clk 0:29:03]} g6 {[%clk 0:33:14]} 20. Nxd6 {[%clk 0:28:49]} cxd6
{[%clk 0:33:21]} 21. c4 {[%clk 0:28:19]} Nb6 {[%clk 0:26:29]} 22. Ne4
{[%clk 0:25:03]} Re6 {[%clk 0:18:37]} 23. Rad1 {[%clk 0:21:15]} Ke7
{[%clk 0:17:09]} 24. b3 {[%clk 0:19:07]} c5 {[%clk 0:13:51]} 25. Bc3
{[%clk 0:16:54]} Rf8 {[%clk 0:12:39]} 26. Kf1 {[%clk 0:09:16]} Nc8
{[%clk 0:11:28]} 27. Bb2 {[%clk 0:07:05]} Bb7 {[%clk 0:11:27]} 28. Nc3
{[%clk 0:06:23]} Rxe1+ {[%clk 0:11:25]} 29. Rxe1+ {[%clk 0:06:44]} Kf7
{[%clk 0:10:34]} 30. h4 {[%clk 0:04:43]} Re8 {[%clk 0:10:36]} 31. Rd1
{[%clk 0:04:46]} Rd8 {[%clk 0:08:38]} 32. Bc1 {[%clk 0:03:54]} Ne7
{[%clk 0:07:12]} 33. Nb5 {[%clk 0:03:44]} Nc8 {[%clk 0:06:44]} 34. Be3
{[%clk 0:03:05]} a6 {[%clk 0:06:34]} 35. Nc3 {[%clk 0:03:28]} Ke8
{[%clk 0:06:18]} 36. Bf4 {[%clk 0:02:51]} Ke7 {[%clk 0:05:30]} 37. Na4
{[%clk 0:02:12]} Bc6 {[%clk 0:05:28]} 38. Nc3 {[%clk 0:02:41]} Nb6
{[%clk 0:04:49]} 39. Ke2 {[%clk 0:02:23]} Rd7 {[%clk 0:03:08]} 40. Be3
{[%clk 0:02:17]} Ke6 {[%clk 0:01:15]} 41. g4 {[%clk 0:00:31]} Nc8
{[%clk 0:26:04]} 42. Rb1 {[%clk 0:27:05]} Ne7 {[%clk 0:23:09]} 43. a3
{[%clk 0:26:39]} h5 {[%clk 0:18:34]} 44. f3 {[%clk 0:25:57]} f5 {[%clk 0:15:47]}
45. g5 {[%clk 0:23:35]} f4 {[%clk 0:15:19]} 46. Bf2 {[%clk 0:23:32]} Nf5
{[%clk 0:14:03]} 47. b4 {[%clk 0:18:50]} cxb4 {[%clk 0:13:24]} 48. axb4
{[%clk 0:19:14]} d5 {[%clk 0:13:17]} 49. cxd5+ {[%clk 0:09:57]} Bxd5
{[%clk 0:13:41]} 50. Nxd5 {[%clk 0:10:14]} Rxd5 {[%clk 0:13:09]} 51. Ra1
{[%clk 0:09:09]} Rd6 {[%clk 0:12:38]} 52. Ra5 {[%clk 0:08:59]} Rc6
{[%clk 0:07:55]} 53. Kd3 {[%clk 0:08:56]} Nd6 {[%clk 0:08:13]} 54. Bd4
{[%clk 0:07:11]} Nf5 {[%clk 0:06:10]} 55. Bf2 {[%clk 0:07:22]} Nd6
{[%clk 0:06:35]} 56. Be1 {[%clk 0:07:01]} Nc4 {[%clk 0:06:22]} 57. Ra2
{[%clk 0:05:43]} Ne5+ {[%clk 0:06:45]} 58. Ke2 {[%clk 0:06:05]} Rd6
{[%clk 0:04:23]} 59. Bd2 {[%clk 0:05:11]} Kf5 {[%clk 0:04:40]} 60. Ra5
{[%clk 0:04:58]} Rc6 {[%clk 0:01:54]} 61. Rd5 {[%clk 0:01:41]} Rc4
{[%clk 0:01:09]} 62. Rd6 {[%clk 0:01:30]} Rc6 {[%clk 0:01:34]} 63. Rd8
{[%clk 0:01:37]} Rc7 {[%clk 0:00:31]} 64. Ra8 {[%clk 0:01:09]} Rc2
{[%clk 0:00:34]} 65. Rxa6 {[%clk 0:00:33]} Nc4 {[%clk 0:00:32]} 66. Kd3
{[%clk 0:00:45]} Rxd2+ {[%clk 0:00:34]} 67. Kxc4 {[%clk 0:01:13]} Rc2+
{[%clk 0:00:39]} 68. Kd4 {[%clk 0:01:23]} Rd2+ {[%clk 0:00:42]} 69. Kc4
{[%clk 0:00:46]} Rc2+ {[%clk 0:00:52]} 70. Kd5 {[%clk 0:01:01]} Rd2+
{[%clk 0:01:09]} 71. Kc5 {[%clk 0:00:58]} Rc2+ {[%clk 0:01:15]} 72. Kd6
{[%clk 0:00:57]} Rd2+ {[%clk 0:01:07]} 73. Ke7 {[%clk 0:01:17]} Ke5
{[%clk 0:00:31]} 74. Re6+ {[%clk 0:01:06]} Kf5 {[%clk 0:00:54]} 75. Rf6+
{[%clk 0:01:00]} Ke5 {[%clk 0:01:22]} 76. Rxg6 {[%clk 0:00:35]} Rd3
{[%clk 0:01:39]} 77. Re6+ {[%clk 0:00:56]} Kf5 {[%clk 0:02:03]} 78. Rf6+
{[%clk 0:01:15]} Ke5 {[%clk 0:02:28]} 79. g6 {[%clk 0:01:02]} Rxf3
{[%clk 0:02:34]} 80. g7 {[%clk 0:01:16]} Rg3 {[%clk 0:03:01]} 81. Kf7
{[%clk 0:01:20]} f3 {[%clk 0:03:28]} 82. b5 {[%clk 0:01:27]}  1-0

[Event "Summer Prague Open 2022 - A"]
[Site "Olympik hotel, Sokolovska 138, Praha"]
[Date "2022.08.05"]
[Round "1"]
[Board "15"]
[White "Kucera, Tomas"]
[Black "Roubalik, Jakub"]
[Result "0-1"]
[WhiteElo "1955"]
[BlackElo "2367"]
[PlyCount "0"]
[EventDate "2022.08.05"]
[EventRounds "9"]
[EventCountry "CZE"]

1. e4 {[%clk 1:30:58]} c5 {[%clk 1:30:31]} 2. Nf3 {[%clk 1:31:25]} Nc6
{[%clk 1:30:58]} 3. Nc3 {[%clk 1:30:40]} e5 {[%clk 1:29:53]} 4. g3
{[%clk 1:29:06]} d6 {[%clk 1:29:27]} 5. Bg2 {[%clk 1:29:10]} g6 {[%clk 1:28:26]}
6. O-O {[%clk 1:28:43]} Bg7 {[%clk 1:28:48]} 7. d3 {[%clk 1:25:13]} Nge7
{[%clk 1:28:31]} 8. Be3 {[%clk 1:23:58]} O-O {[%clk 1:28:38]} 9. Nh4
{[%clk 1:20:32]} Be6 {[%clk 1:22:09]} 10. f4 {[%clk 1:19:45]} exf4
{[%clk 1:21:54]} 11. gxf4 {[%clk 1:18:52]} f5 {[%clk 1:21:51]} 12. Nf3
{[%clk 1:17:05]} Kh8 {[%clk 0:57:20]} 13. Qe1 {[%clk 1:15:57]} Bg8
{[%clk 0:53:24]} 14. Kh1 {[%clk 1:04:32]} b6 {[%clk 0:49:53]} 15. Rd1
{[%clk 0:58:35]} d5 {[%clk 0:39:04]} 16. Bc1 {[%clk 0:50:11]} Nb4
{[%clk 0:29:52]} 17. Nxd5 {[%clk 0:40:13]} Nexd5 {[%clk 0:29:06]} 18. exd5
{[%clk 0:40:21]} Nxc2 {[%clk 0:28:45]} 19. Qf2 {[%clk 0:40:03]} Nb4
{[%clk 0:28:36]} 20. d4 {[%clk 0:37:15]} c4 {[%clk 0:28:26]} 21. Ne5
{[%clk 0:32:28]} Bxd5 {[%clk 0:28:03]} 22. a3 {[%clk 0:32:09]} Nd3
{[%clk 0:24:34]} 23. Qg3 {[%clk 0:23:11]} Bxg2+ {[%clk 0:21:00]} 24. Qxg2
{[%clk 0:23:18]} Qxd4 {[%clk 0:20:37]} 25. Nf7+ {[%clk 0:19:44]} Kg8
{[%clk 0:20:40]} 26. Ng5 {[%clk 0:20:12]} Rae8 {[%clk 0:19:19]}  0-1

[Event "Summer Prague Open 2022 - A"]
[Site "Olympik hotel, Sokolovska 138, Praha"]
[Date "2022.08.05"]
[Round "1"]
[Board "16"]
[White "Hrabusa, Matej"]
[Black "Leitgeb, Julian"]
[Result "1-0"]
[WhiteElo "2354"]
[BlackElo "1955"]
[PlyCount "0"]
[EventDate "2022.08.05"]
[EventRounds "9"]
[EventCountry "CZE"]

1. d4 {[%clk 1:25:12]} Nf6 {[%clk 1:30:53]} 2. Bf4 {[%clk 1:25:21]} g6
{[%clk 1:31:10]} 3. Nc3 {[%clk 1:25:46]} d5 {[%clk 1:31:33]} 4. e3
{[%clk 1:26:12]} Bg7 {[%clk 1:31:42]} 5. h4 {[%clk 1:26:25]} h5 {[%clk 1:32:05]}
6. Nf3 {[%clk 1:26:49]} O-O {[%clk 1:32:11]} 7. Qd2 {[%clk 1:26:23]} c5
{[%clk 1:22:54]} 8. dxc5 {[%clk 1:17:51]} Nbd7 {[%clk 1:11:59]} 9. O-O-O
{[%clk 1:11:39]} Nxc5 {[%clk 1:07:58]} 10. Ne5 {[%clk 1:02:28]} Qb6
{[%clk 0:57:38]} 11. f3 {[%clk 0:58:56]} Be6 {[%clk 0:54:09]} 12. Be2
{[%clk 0:53:13]} Nfd7 {[%clk 0:43:22]} 13. Nxd7 {[%clk 0:50:01]} Nxd7
{[%clk 0:43:50]} 14. g4 {[%clk 0:41:33]} Rfc8 {[%clk 0:40:02]} 15. Nb5
{[%clk 0:38:59]} d4 {[%clk 0:35:21]} 16. exd4 {[%clk 0:34:41]} Bxa2
{[%clk 0:32:31]} 17. gxh5 {[%clk 0:32:09]} gxh5 {[%clk 0:19:22]} 18. Rhg1
{[%clk 0:31:11]} Kf8 {[%clk 0:14:06]} 19. Rxg7 {[%clk 0:27:43]} Kxg7
{[%clk 0:13:21]} 20. Rg1+ {[%clk 0:28:03]} Kh8 {[%clk 0:12:55]} 21. Bd6
{[%clk 0:27:53]} Rxc2+ {[%clk 0:06:34]} 22. Kxc2 {[%clk 0:26:04]} Rc8+
{[%clk 0:05:24]} 23. Kd1 {[%clk 0:25:56]} Bb3+ {[%clk 0:05:08]} 24. Ke1
{[%clk 0:26:20]}  1-0